|
|
|
|
| LEADER |
00875nam a2200253 a 4500 |
| 001 |
GR-MES1872 |
| 008 |
991111s nyu 000 b eng d |
| 020 |
|
|
|a 0824779223
|
| 040 |
|
|
|a GrPaTEI
|b gre
|c GR-PaULI
|
| 245 |
0 |
0 |
|a Seafood :
|b Effects of technology on nutrition.
|
| 260 |
|
|
|a New York :
|b Marcel Dekker,
|c c1990
|
| 300 |
|
|
|a 362σελ. :
|b πιν.,σχημ.
|
| 650 |
|
4 |
|a Αλιεία
|
| 650 |
|
4 |
|a Διατροφή
|
| 650 |
|
4 |
|a ΘΑΛΑΣΣΙΝΑ
|
| 650 |
|
4 |
|a Τεχνολογία
|
| 650 |
|
4 |
|a ΤΡΟΦΗ
|
| 700 |
1 |
|
|a Pigott, G.
|
| 700 |
1 |
|
|a Tucker, B.
|
| 710 |
0 |
|
|a Marcel Dekker
|
| 942 |
|
|
|2 ddc
|
| 952 |
|
|
|0 0
|1 0
|2 ddc
|4 0
|6 664_949000000000000_PIG
|7 0
|9 266161
|a MSLG
|b MSLG
|c BSC
|d 2021-01-17
|e 24
|f 0
|g 0.00
|l 0
|o 664.949 PIG
|p 2420000008646
|r 2021-01-17 00:00:00
|t 1
|w 2021-01-17
|y BK15
|x 19991111 0 1
|x GrPaTEI
|
| 971 |
|
|
|a .b25729160
|b 15-04-20
|c 13-09-16
|
| 999 |
|
|
|c 153060
|d 153060
|